Central Library OPAC University of Rajshahi

A brief course in analytic geometry / (Record no. 50816)

MARC details
000 -LEADER
fixed length control field 00882nam a2200265 a 4500
001 - CONTROL NUMBER
control field 50816
003 - CONTROL NUMBER IDENTIFIER
rucl marc code BD-RjUL
005 - DATE AND TIME OF LATEST TRANSACTION
control field 20211209075553.0
008 - FIXED-LENGTH DATA ELEMENTS--GENERAL INFORMATION
fixed length control field 160828s1968 ru a 001 0 eng
035 ## - SYSTEM CONTROL NUMBER
System control number (BD-RjUL) 50936
040 ## - CATALOGING SOURCE
Original cataloging agency DLC
Transcribing agency DLC
Modifying agency EQO
-- BD-RjUL
Language of cataloging eng
041 1# - LANGUAGE CODE
Language code of text/sound track or separate title engrus
082 ## - DEWEY DECIMAL CLASSIFICATION NUMBER
Classification number 516.3
Edition number 23
Author mark and year YEB 1968
100 1# - MAIN ENTRY--PERSONAL NAME
Personal name Yefimov, N. V.
Fuller form of name (Nikolaĭ Vladimirovich),
Dates associated with a name 1910-
9 (RLIN) 152113
245 12 - TITLE STATEMENT
Title A brief course in analytic geometry /
Statement of responsibility, etc. N. Yefimov ; Translated by O. Soroka.
260 ## - PUBLICATION, DISTRIBUTION, ETC. (IMPRINT)
Place of publication, distribution, etc. Moscow :
Name of publisher, distributor, etc. Peace Publishers,
Date of publication, distribution, etc. [1964]
300 ## - PHYSICAL DESCRIPTION
Pagination 251 p. :
Illustrations ill. ;
Size 23 cm.
500 ## - GENERAL NOTE
General note "Year Information has been taken from World cat" [1964]
General note Includes index
650 #0 - SUBJECT ADDED ENTRY--TOPICAL TERM
Topical term or geographic name as entry element Geometry, Analytic.
9 (RLIN) 152114
700 ## - ADDED ENTRY--PERSONAL NAME
Personal name Soroka, O. , translator
942 ## - ADDED ENTRY ELEMENTS (KOHA)
Source of classification or shelving scheme Dewey Decimal Classification
Koha item type Books
Holdings
Lost status Source of classification or shelving scheme Damaged status Not for loan Collection code Permanent Location Current Location Shelving location Date acquired Source of acquisition Cost, normal purchase price Total Checkouts Full call number Date last seen Copy number Koha item type
  Dewey Decimal Classification     Non-fiction Central Library, University of Rajshahi Central Library, University of Rajshahi   25/03/1968 shilpa nikaton, Dacca 5.00   516.3 YEB 1964 28/08/2016 C-2 Books
  Dewey Decimal Classification     Non-fiction Central Library, University of Rajshahi Central Library, University of Rajshahi   25/03/1966 Moscow     516.3 YEB 1964 28/08/2016 C-3 Books
  Dewey Decimal Classification     Non-fiction Central Library, University of Rajshahi Central Library, University of Rajshahi   23/05/1967 ravika agency 5.00   516.3 YEB 1967 28/08/2016 C-4 Books
  Dewey Decimal Classification     Non-fiction Central Library, University of Rajshahi Central Library, University of Rajshahi   25/03/1968 Shilpa nikatan agency 5.00   516.3 YEB 1964 28/08/2016 C-5 Books
  Dewey Decimal Classification     Non-fiction Central Library, University of Rajshahi Central Library, University of Rajshahi Electronic Books 25/03/1968 shilpo nikaton Dacca 5.00   516.3 YEB 1964 28/08/2016 C-1 Books